书目信息 |
| 题名: |
欧普拉·温弗里
|
|
| 作者: | 霍兰, , 霍兰 著 ;张天乾 译 | |
| 分册: | ||
| 出版信息: | 北京 外语教学与研究出版社 2004.02 |
|
| 页数: | 101页 | |
| 开本: | 17x17cm | |
| 丛书名: | 名人风景线 | |
| 单 册: | ||
| 中图分类: | H319.4:K , H319.4 | |
| 科图分类: | ||
| 主题词: | 电视节目--dian shi jie mu--主持人--生平事迹--美国--当代 , 英语--ying yu--汉语--对照读物 | |
| 电子资源: | ||
| ISBN: | 7-5600-3743-7 | |
| 000 | 01170cam 2200349 45 | |
| 001 | 1290 | |
| 005 | 20050603110203.70 | |
| 010 | @a7-5600-3743-7@dCNY 11.00 | |
| 099 | @aCAL 012004059455 | |
| 100 | @a20040607d2004 em y0chiy0121 ea | |
| 101 | 1 | @achi@ceng |
| 102 | @aCN@b110000 | |
| 105 | @aa z 000yb | |
| 200 | 1 | @a欧普拉·温弗里@Aou pu la · wen fu li@d= Oprah winfrey@f(美)霍兰著@F(mei)huo lan zhu@g张天乾, 李银屏译@zeng |
| 210 | @a北京@c外语教学与研究出版社@d2004.02 | |
| 215 | @a101页@c图 (部分彩图)@d17x17cm | |
| 225 | 2 | @a名人风景线@Aming ren feng jing xian@e英汉双语 |
| 314 | @a责任者规范汉译姓: 霍兰 | |
| 410 | 0 | @12001 @a名人风景线 |
| 510 | 1 | @aOprah Winfrey@zeng |
| 600 | 1 | @a温弗里,@Awen fu li ,@bO.@g(Winfrey, Oprah)@x生平事迹 |
| 606 | 0 | @a电视节目@Adian shi jie mu@x主持人@x生平事迹@y美国@z当代 |
| 606 | 0 | @a英语@Aying yu@x汉语@j对照读物 |
| 690 | @aH319.4:K@v4 | |
| 690 | @aH319.4@v3 | |
| 701 | 1 | @a霍兰,@Ahuo lan@bG.@g(Holland, Gini)@4著 |
| 701 | 0 | @a霍兰@Ahuo lan@4著 |
| 702 | 0 | @a张天乾@Azhang tian qian@4译 |
| 801 | 0 | @aCN@bTJU@c20050603 |
| 905 | @a10447@dH319.4@eH972 | |
| 906 | @dCNY11.00@n0@r1 | |
| 998 | @aTJU | |
| 欧普拉·温弗里= Oprah winfrey/(美)霍兰著/张天乾, 李银屏译.-北京:外语教学与研究出版社,2004.02 |
| 101页:图 (部分彩图);17x17cm.-(名人风景线:英汉双语) |
| ISBN 7-5600-3743-7:CNY 11.00 |
| ● |
| 相关链接 |
|
|
|
正题名:欧普拉·温弗里
索取号:H319.4/H972
 
预约/预借
| 序号 | 登录号 | 条形码 | 馆藏地/架位号 | 状态 | 备注 |
| 1 | 530607 | 205306079 | 语言库209/209语言库 45排6列5层/ [索取号:H319.4/H972] | 在馆 | |
| 2 | 530608 | 205306088 | 语言库209/209语言库 45排6列5层/ [索取号:H319.4/H972] | 在馆 | |
| 3 | 530609 | 205306097 | 语言库209/209语言库 45排6列5层/ [索取号:H319.4/H972] | 在馆 |